|
|
|
|
| LEADER |
00000nam a22000007a 4500 |
| 005 |
20220719220433.0 |
| 007 |
cr|||| |||| |
| 008 |
220719s2021 br |||||s|||| 00||0 por d |
| 020 |
|
|
|a 978658935172-6
|
| 035 |
|
|
|a 36734
|
| 040 |
|
|
|a vLex
|
| 090 |
|
|
|c 13584
|d 13584
|
| 245 |
1 |
0 |
|a Controle de Constitucionalidade
|h [Recurso electrn̤ico] /
|c Cleyson de Moraes Mello, Guilherme Sandoval Ge̤s
|
| 250 |
|
|
|a 2da. Edicin̤
|
| 256 |
|
|
|a Servicio en ln̕ea
|
| 260 |
|
|
|a Rio de Janeiro:
|b Editora Processo,
|c 2021
|
| 300 |
|
|
|a 1 recurso electrn̤ico
|
| 500 |
|
|
|a A obra reflete estudo minucioso sobre um dos temas mais instigantes e importantes do Direito Constitucional: o controle de constitucionalidade. O livro sistematiza com maestria e didt̀ica o controle de constitucionalidade e, mais amplamente, o exercc̕io da jurisdiȯ̂ constitucional em seus diferentes nv̕eis. O livro encontra-se com linguagem de fc̀il compreensô contendo a jurisprudn̊cia dos tribunais, notadamente do Supremo Tribunal Federal, e com o desvelamento das queste̳s fundamentais do debate constitucional da atualidade. Os autores sô doutores em direito com larga experin̊cia universitr̀ia no direito constitucional e abordam os tipos de controle e os tipos de aȯ̂ (aȯ̂ direta de inconstitucionalidade; aȯ̂ declaratr̤ia de constitucionalidade; arguiȯ̂ de descumprimento de preceito fundamental; aȯ̂ direta interventiva). Isto sem contar com a abordagem dos diversos modelos de jurisdiȯ̂ constitucional e o controle de convencionalidade.
|
| 506 |
1 |
|
|a Disponible solo en los productos indicados
|d vLex Global
|d vLex Global (Academic Edition, excluding Law Schools)
|d vLex Global (U.S. Academic Edition, Law Schools)
|d vLex Global (U.S. Academic Edition, excluding Law Schools)
|d vLex Global (Academic Edition, Law Schools)
|
| 650 |
0 |
4 |
|a Derecho Constitucional
|z Brasil
|
| 700 |
1 |
|
|a Sandoval Ge̤s, Guilherme
|
| 740 |
0 |
|
|a vLex Libros (Servicio en ln̕ea)
|
| 856 |
4 |
0 |
|u https://app.vlex.com/#/sources/36734
|z Acceso restringido
|
| 942 |
|
|
|c BOOK
|
| 999 |
0 |
|
|a Constitutional right
|